00794naa#a2200193#i#4500001002000000005001700020011001400037100004100051102000700092200007300099210004100172215001100213608002700224675023400251700003400485700003200519700003300551856001600584EN\RIOR\bibl\12651720260629145459.1##a2409-6024##a20260530b2026####ek#y0engy0150####ca##aRU1#aTHE PROCESS OF GOAL SETTING TO ENSURE FOOD SECURITYeJournal article1#aMoscowcPublishing Center RIORd2026##a19 с.##aJournal article2local##aПродовольственный комплекс (экономика питания, экономика продовольствия, продуктов питания). Продовольственный вопрос. 338.439#1aMakarovagNadezhda Nikolaevna#1aBestuzhevagLarisa Irekovna#1aSurkovagVictoria Valeryevna4#ariorpub.com